Bibliotecas digitales: un reto para la información en Cuba.

Bibliographic Details
Main Author: Lam Portales, Lázaro
Format: Libro
Language:English
Published: Pontificia Universidad Javeriana 2002
Subjects:

MARC

LEADER 00000cam a2200000 a 4500
001 042082
003 UAHC_CL
005 20170803124643.0
008 020912b xx j 000 1 eng
040 |a UAHC_CL  |c UAHC_CL  |d UAHC_CL 
100 1 |a Lam Portales, Lázaro 
245 1 0 |a Bibliotecas digitales: un reto para la información en Cuba. 
260 |b Pontificia Universidad Javeriana  |c 2002 
650 4 |a BIBLIOTECAS DIGITALES  |z CUBA 
900 |a REVISTA INTERAMERICANA-2/02 
942 |c BK 
999 |c 42082  |d 42082